| LEADER 01174nam 2200277 a 4500 |
| 001 12334103656 |
| 003 ULIB |
| 008 030417s2550 th a sb 001 0 tha |
| 020 ^a978-974-7878-05-9
|
| 060 4 ^aWI400^bฟ133ล 2550
|
| 100 0 ^aฟรานซิส ก. เรืองฤทธิ์
|
| 245 10 ^aลำไส้ใหญ่และริดสีดวงทวารหนัก /^cฟรานซิส ก. เรืองฤทธิ์
|
| 250 ^aพิมพ์ครั้งที่ 5
|
| 260 ^aกรุงเทพฯ :^bสมิต,^c2550
|
| 300 ^a63 หน้า
|
| 520 ^aหนังสือเล่มนี้อธิบายขั้นตอนการทำงานของระบบลำไส้ใหญ่ สาเหตุแห่งความผิดปกติ วิธีการดูแลรักษา รวมทั้งวิธีการป้องกันตัวเองด้วยการบริโภคอาหารและดำเนินชีวิตให้เหมาะสมเพื่อควบคุมไม่ให้เกิดอาการผิดปกติในระบบลำไส้ใหญ่
|
| 650 7 ^aลำไส้ใหญ่^xสรีรวิทยา
|
| 650 7 ^aริดสีดวงทวารหนัก
|
| 650 7 ^aลำไส้ใหญ่
|
| 913 ^aImported by ULIBM Administrator
|
| 949 ^aImport form external file by ULIBM system
|
| 999 ^aสุณิสา
|